La psychologie anglaise contemporaine (Record no. 163474)

MARC details
000 -LEADER
campo de control de longitud fija 00774nam a2200181 i 4500
001 - NÚMERO DE CONTROL
campo de control 163474
003 - IDENTIFICADOR DE NÚMERO DE CONTROL
campo de control ES-MaACL
005 - FECHA Y HORA DE LA ÚLTIMA TRANSACCIÓN
campo de control 20250822032223.0
008 - DATOS DE LONGITUD FIJA--INFORMACIÓN GENERAL
campo de control de longitud fija 050712s1870 fr | |||||||| ||fre d
100 1# - ENTRADA PRINCIPAL--NOMBRE DE PERSONA
Nombre de persona Ribot, Théodule,
Fechas asociadas al nombre 1839-1916
9 (RLIN) 96838
245 13 - MENCIÓN DEL TÍTULO
Título La psychologie anglaise contemporaine
Resto del título : (ecole expérimentale) /
Mención de responsabilidad, etc. par Th. Ribot.
260 ## - PUBLICACIÓN, DISTRIBUCIÓN, ETC.
Lugar de publicación, distribución, etc. Paris :
Nombre del editor, distribuidor, etc. Librairie Philosophique de Ladrange,
Fecha de publicación, distribución, etc. 1870 (
Lugar de fabricación/manufactura Saint-Cloud :
Fabricante Imp. de V. Belin)
300 ## - DESCRIPCIÓN FÍSICA
Extensión 421 p. ;
Dimensiones 17 cm.
505 8# - NOTA DE CONTENIDO CON FORMATO
Nota de contenido con formato Contiene: James Mill ; John Stuart Mill ; Herbert Spencer ; A. Bain ; Georges Lewes ; Samuel Bailey ; J.D. Morell ; J. Murphy.
650 #7 - PUNTO DE ACCESO ADICIONAL DE MATERIA--TÉRMINO DE MATERIA
Término de materia o nombre geográfico como elemento de entrada Psicología experimental
Fuente del encabezamiento o término embne
9 (RLIN) 16564
852 4# - LOCALIZACIÓN
Ubicación ES-MaACL
Número de control de estantería F-11490
Nota libre - Enc. pasta española
Holdings
Estatus retirado Estado de pérdida Estado de daño No para préstamo Colección Biblioteca de origen Biblioteca actual Ubicación en estantería Fecha de adquisición Fuente de adquisición Total de préstamos Signatura topográfica completa Código de barras Visto por última vez Precio de reemplazo Tipo de ítem Koha
        Libros del s. XIX Biblioteca del Ateneo de Madrid Biblioteca del Ateneo de Madrid Sala Pecera Planta 2 17/01/2008     F-11490 1171305 23/02/2023 23/02/2023 Libro impreso antiguo